Production of alpha glucosidase inhibitors from fungi.
ABSTRACT: NA.
Saved in:
| Main Author: | |
|---|---|
| Format: | Unknown |
| Language: | English |
| Published: |
c2010.
|
| Subjects: | |
| Online Access: | Visit NHRC Library |
| Tags: |
Add Tag
No Tags, Be the first to tag this record!
|
| LEADER | 00766 a2200241 4500 | ||
|---|---|---|---|
| 003 | OSt | ||
| 005 | 20220906184550.0 | ||
| 008 | 191117b ||||| |||| 00| 0 eng d | ||
| 952 | |0 0 |1 0 |2 NLM |4 0 |6 THS_00220_K_C__2010_000000000000000 |7 0 |9 698 |a NHRC |b NHRC |d 2012-07-24 |l 0 |o THS-00220/K.C./2010 |p THS-00220 |r 2012-07-24 |w 2012-07-24 |y TR | ||
| 999 | |c 692 |d 692 | ||
| 060 | |a THS-00220 | ||
| 100 | |a K.C., Rita. |9 1869 | ||
| 245 | |a Production of alpha glucosidase inhibitors from fungi. | ||
| 260 | |c c2010. | ||
| 300 | |a ii, 71p. : | ||
| 500 | |a Thesis Report. | ||
| 520 | |a ABSTRACT: NA. | ||
| 546 | |a Eng. | ||
| 650 | |a Alpha Glucosidase. |9 2874 | ||
| 650 | |a Fungi. |9 2875 | ||
| 650 | |a Inhibitors. |9 2876 | ||
| 856 | |u http://nhrc.gov.np/contact/ |y Visit NHRC Library | ||
| 942 | |2 NLM |c TR | ||